Home Print Resources E-Books E-Journals IIMT Lecture Series Library Membership Form Book Recommendation Form Campus Tour Take AdmissionAbout Us Contact Us

HUMAN RESOURCE MANAGMENT (Record no. 10475)

000 -LEADER
fixed length control field 00279nam a2200121Ia 4500
003 - CONTROL NUMBER IDENTIFIER
control field OSt
005 - DATE AND TIME OF LATEST TRANSACTION
control field 20230902104628.0
008 - FIXED-LENGTH DATA ELEMENTS--GENERAL INFORMATION
fixed length control field 170523s9999 xx 000 0 und d
040 ## - CATALOGING SOURCE
Transcribing agency IIMT UNIVERSITY
100 ## - MAIN ENTRY--PERSONAL NAME
Personal name DESSLER GARY
245 #0 - TITLE STATEMENT
Title HUMAN RESOURCE MANAGMENT
942 ## - ADDED ENTRY ELEMENTS (KOHA)
Source of classification or shelving scheme
Koha item type Book Bank
Holdings
Withdrawn status Lost status Source of classification or shelving scheme Damaged status Not for loan Home library Current library Date acquired Total Checkouts Barcode Date last seen Date last checked out Uniform Resource Identifier Price effective from Koha item type
          IIMT University Central Library Meerut IIMT University Central Library Meerut 05/31/2017 1 01-B-98161 02/16/2026 02/03/2026 MANAGMENT 05/31/2017 Book Bank
          IIMT University Central Library Meerut IIMT University Central Library Meerut 05/31/2017   01-B-98162 05/31/2017   MANAGMENT 05/31/2017 Book Bank
          IIMT University Central Library Meerut IIMT University Central Library Meerut 05/31/2017   01-B-98163 05/31/2017   MANAGMENT 05/31/2017 Book Bank
          IIMT University Central Library Meerut IIMT University Central Library Meerut 05/31/2017   01-B-98164 05/31/2017   MANAGMENT 05/31/2017 Book Bank
IIMT, Central Library. All Rights Reserved IIMT,UNIVERSITY © 2023
Implemented and Customised by I CLOUDE EMS
You Are OPAC Visitor No
free web counter

Powered by Koha